000 05123nam0a2200529 4500
001 RU\NLR\BIBL_A\022032005
005 20240215082937.0
010 _a978-5-6047890-9-4
_9517
021 _aRU
_bКН-П-23-052726
_9КН-П-23-5291
035 _a(NLR Aleph) 022032005
035 _a(RuMoRGB)012033330
090 _a12543010
_c12543010
100 _a20230921d2023 u y0rusy50 ca
101 0 _arus
102 _aRU
105 _aach|z|||111zb
181 0 _ai2
_baxxe
181 0 _ab2
_bxb2e
182 0 _an
200 1 _aВасилий Лебедев-Кумач
_eматериалы к биографии
_eматериалы из собрания Государственного музея истории российской литературы имени В. И. Даля и семейного архива В. И. Лебедева-Кумача
_e[по материалам юбилейной выставки "Тот, кто с песней..." к 125-летию В. И. Лебедева-Кумача]
_fсоставители: Д. В. Каверина [и др.]
_gответственный редактор: Д. П. Бак
_gавторы статей: А. П. Бак, М.Г. Деева
_gпримечания и комментарии: Д. В. Каверина, А. Я. Невский
203 _aТекст
_aИзображение
_bвизуальные
_cнепосредственные
210 _aМосква
_cГМИРЛИ
_d2023
215 _a445 с.
_cил., цв. ил., факс.
_d28
320 _aБиблиогр.: с. 443-445
320 _aИзбр. библиогр., 1916-1949: с. 296-312
320 _aУказ. имен, авт. текстов, использованных в изд.: с. 424-442
330 _aНастоящее издание подготовлено к 125-летию Василия Ивановича Лебедева-Кумача (1898-1949), поэта и журналиста-сатирика, оказавшего значительное влияние на формирование советской официальной культуры. Сотрудник "АгитРОСТА", корреспондент газеты "Гудок", литературный секретарь журнала "Крокодил", популярный автор текстов для театра, эстрады и цирка, один из ведущих поэтов-песенников страны - таковы лишь некоторые вехи его творческого пути. Издание, основанное на материалах юбилейной выставки, проведенной Государственным музеем истории российской литературы имени В. И. Даля, является первым подробным жизнеописанием известного литератора. Многие входящие в него документы, фотографии, тексты публикуются впервые. Рассчитано на широкий круг читателей
600 1 _aЛебедев-Кумач
_bВ.И.
_gВасилий Иванович
_f1898 - 1949
_jДокументы и материалы
_2nlr_sh1
_2nlr_sh2
_3RU\NLR\AUTH\66616996
601 0 2 _aГосударственный музей истории российской литературы им. В.И. Даля
_cМосква, город
_xКоллекция изобразительного искусства
_xВыставки
_z2023
_2nlr_sh2
_3RU\NLR\AUTH\6601729983
606 1 _aИскусство русское советское
_xВыставки
_yМосква, город
_z2023
_2nlr_sh2
_3RU\NLR\AUTH\6601729985
675 _a821.161.1.09
_v4
686 1 _aЩ03(2Р=Рус)7л62
686 1 _aЩ101.3(2Р)-2Москва2Государственный Литературный музей л62
686 1 _aШ5(2=Р)7-4Лебедев-Кумач
702 1 _aКаверина
_bД. В.
_gДарья Владимировна
_4220
702 1 _aБак
_bД. П.
_f1961-
_gДмитрий Петрович
_4340
702 1 _aЛебедев-Кумач
_bВ. И.
_f1898-1949
_gВасилий Иванович
_3RU\NLR\AUTH\7720823
_4280
711 1 2 _a"Тот, кто с песней: к 125-летию со дня рождения В. И. Лебедева-Кумача", юбилейная выставка
_f2023
_eМосква
_3RU\NLR\AUTH\880598482
712 0 2 _aГосударственный музей истории российской литературы им. В. И. Даля
_cМосква
_3RU\NLR\AUTH\880462279
_4557
856 4 _lVNP_SKP
_tVIEW
_uhttps://webservices.nlr.ru/viewer/file?name=a022032005_002.txt
_yАннотация
856 4 1 _lVNP_SKP
_tVIEW
_uhttps://webservices.nlr.ru/viewer/file?name=t022032005_001.jpg
_yОбложка
942 _cBOOK
980 4 _aVNP_SKP
980 _aNB